书目信息 |
| 题名: |
公路行业财务管理学
|
|
| 作者: | 周国光 编著 | |
| 分册: | ||
| 出版信息: | 北京 人民交通出版社 2005.1 |
|
| 页数: | 472页 | |
| 开本: | 21cm | |
| 丛书名: | ||
| 单 册: | ||
| 中图分类: | F540.58 | |
| 科图分类: | ||
| 主题词: | 公路运输--gong lu yun shu--运输企业--财务管理 , 公路运输--gong lu yun shu , 运输企业--yun shu qi ye , 财务管理--cai wu guan li | |
| 电子资源: | ||
| ISBN: | 7-114-05377-0 | |
| 000 | 01083nam0 2200325 450 | |
| 000 | 01093nam0 2200325 450 | |
| 000 | 01056nam0 2200313 450 | |
| 000 | 01039nam0 2200313 450 | |
| 000 | 01002nam0 2200301 45 | |
| 001 | 012005000794 | |
| 005 | 20050908170135.86 | |
| 010 | @a7-114-05377-0@dCNY26.00 | |
| 100 | @a20050512d2005 em y0chiy0121 ea | |
| 101 | 0 | @achi |
| 102 | @aCN@b110000 | |
| 105 | @ay z 000yy | |
| 200 | 1 | @a公路行业财务管理学@Agong lu hang ye cai wu guan li xue@f周国光编著 |
| 205 | @a2版 | |
| 210 | @a北京@c人民交通出版社@d2005.1 | |
| 215 | @a472页@d21cm | |
| 320 | @a有书目(第470-472页) | |
| 330 | @a本书主要研究我国公路行业财务管理的理论与方法,包括公路建设单位财务管理、公路经营企业财务管理和公路事业单位财务管理三部分内容。 | |
| 606 | 0 | @a公路运输@Agong lu yun shu@x运输企业@x财务管理 |
| 606 | 0 | @a公路运输@Agong lu yun shu |
| 606 | 0 | @a运输企业@Ayun shu qi ye |
| 606 | 0 | @a财务管理@Acai wu guan li |
| 690 | @aF540.58@v4 | |
| 701 | 0 | @a周国光@Azhou guo guang@4编著 |
| 801 | 0 | @aCN@bSRXX@c20050908 |
| 905 | @a10447@dF540.58@eZ762 | |
| 公路行业财务管理学/周国光编著.-2版.-北京:人民交通出版社,2005.1 |
| 472页;21cm |
| ISBN 7-114-05377-0:CNY26.00 |
| 本书主要研究我国公路行业财务管理的理论与方法,包括公路建设单位财务管理、公路经营企业财务管理和公路事业单位财务管理三部分内容。 |
| ● |
| 相关链接 |
|
|
|
正题名:公路行业财务管理学
索取号:F540.58/Z762
 
预约/预借
| 序号 | 登录号 | 条形码 | 馆藏地/架位号 | 状态 | 备注 |
| 1 | 540447 | 205404472 | 社科库409/409社科库 38排1列4层/ [索取号:F540.58/Z762] | 在馆 | |
| 2 | 540448 | 205404481 | 社科二线422/409社科库 38排1列3层/ [索取号:F540.58/Z762] | 在馆 |